Normal view MARC view

Entry Personal Name

Number of records used in: 2

001 - CONTROL NUMBER

  • control field: 46724

003 - CONTROL NUMBER IDENTIFIER

  • control field: dpl

005 - DATE AND TIME OF LATEST TRANSACTION

  • control field: 20120509121549.0

008 - FIXED-LENGTH DATA ELEMENTS

  • fixed length control field: 120509|||a|||||| | ||| d

040 ## - CATALOGING SOURCE

  • Original cataloging agency: dpl
  • Transcribing agency: dpl

100 ## - HEADING--PERSONAL NAME

  • Personal name: Varshney, P.N.

670 ## - SOURCE DATA FOUND

  • Source citation: Work cat.: (dpl): Varshney, P.N., Banking law and practice /, 2000

670 ## - SOURCE DATA FOUND

  • Source citation: Work cat.: (dpl): Varshney, P.N., Banking law and practice /, 2000

© Delhi Public Library
Hit Counter
free hit counter